Statistics for System of a Down lyrics Quiz

Click here to take the quiz!

General Stats

  • This quiz has been taken 303 times
    (245 since last reset)
  • The average score is 23 of 50

Answer Stats

LyricSong% Correct
Why do they always send the poor?B.Y.O.B
93%
Conversion, software version 7.0, Looking at life through the eyes of a tire hubToxicity
92%
The Kombucha mushroom people, Sitting around all day,
Sugar
88%
Wake up, Grab a brush and put a little make-upChop Suey!
80%
Following the rights movements you clamped on with your iron fists, Drugs became conveniently available for all the kidsPrison Song
75%
It's a non-stop disco, Bet you it's Nabisco, Bet you didn't knowViolent Pornography
68%
You don't care about how I feel, I don't feel there anymoreATWA
67%
I brought my Pogo Stick, Just to show her a trick, She had so many friendsBounce
63%
Swimming through the void, we hear the word, We lose ourselves, but we find it allAerials
62%
They were crying when their sons left, all young men must goSoldier Side
59%
Terracotta terracotta terracotta pieVicinity of Obscenity
59%
What a splendid pie, pizza-pizza pieChic 'n' Stu
58%
And if you go, I wanna go with youLonely Day
58%
I'm just sitting in my car and waiting for my girlHypnotize
53%
Pull the tapeworm out of your ass, Hey!Needles
53%
Fighting crime, with a partner, Lois Lane, Jimmy CarterI-E-A-I-A-I-O
51%
Walk with me my little friend, Take this promise to the endForest
50%
Liar! Killer! Demon!Holy Mountains
50%
Sweet berries ready for two, Ghosts are no different than youQuestion!
50%
They take me away from, The strangest placesRadio/Video
49%
Beyond the Staples Center you can see America, With its tired, poor, avenging disgraceDeer Dance
48%
We're the regulators that de-regulateCigaro
47%
I have a problem that I cannot explain, I have no reason why it should have been so plainRoulette
47%
Watching from a post up high, From where you see the ships afar,Suggestions
47%
There's nothing wrong with me, There's something wrong with youThis Cocaine Makes Me Feel Like I'm On This Song
43%
Jack Gilardi's ten feet tallOld School Hollywood
42%
Your lives are open wide, The V-chip gives them sight, All the life running through her hairSpiders
42%
Lie naked on the floor and let the messiah go through our soulsSuite-Pee
41%
Take me down there, Photographic relapse, People feeding frenzy, The devil is so lovelyDDevil
40%
So you want the world to stop? Stop in and watch your body fully dropPsycho
39%
Poisoning a drink, Bleeding in a sinkRevenga
39%
Hey, where you at?, On the side of the freeway in the car?Mr. Jack
38%
Spirit moves through all thingsScience
36%
When your stars are baked and your rivers fly, Do you ever believe you were stuck in the sky?Peephole
34%
We're left with no arms right in the power struggleBubbles
32%
The plan was mastered and called Genocide, Took all the children and then we diedP.L.U.C.K
32%
The phoenix he helped create, Out of control boy without a dadSoil
32%
Little girl glared, Sheets of denial, Bullet connects to the price of her crimeNüguns
31%
We must call upon our bright darkness, Beliefs, they're the bullets of the wickedWar?
30%
Eloquence belongs to the conquerorSad Statue
28%
We're going down in a spiral to the groundTentative
28%
There is no flag that is large enough, To hide the shame of a man in cuffsA.D.D
27%
Overbearing advertising, God of consumers, And all your crooked pictures looking goodBoom!
25%
Our days are never coming backHighway Song
25%
Free thinkers are dangerousMind
25%
I close my windows, crank the heat up high, Till my palms are wet and my tongue is dryStealing Society
25%
We're the prophetic generation, of bottled water, bottled waterDreaming
23%
The big gun tells you what your life is worthProtect The Land
21%
Breathing each other's lives, Holding this in mindAttack
20%
Circumvent your thick ego, When in fights, they're on the goPictures
20%

Score Distribution

Percentile by Number Answered

Percent of People with Each Score

Your Score History

You have not taken this quiz since the last reset